Remarks of Messrs. Clemens, Butler, and Jefferson Davis, on the Vermont resolutions relating to slavery /

Bibliographic Details
Main Authors: Clemens, Jeremiah, 1814-1865 (Author), Butler, A. P. (Andrew Pickens), 1796-1857 (Author), Davis, Jefferson, 1808-1889 (Author)
Format: eBook
Language:English
Published: Washington : Printed at the Congressional Globe Office, 1850.
Series:Slavery in America and the world: history, culture & law.
Subjects:
Online Access:Connect to the full text of this electronic book

MARC

Tag First Indicator Second Indicator Subfields
LEADER 00000cam a2200000 i 4500
001 in00004409436
005 20210123192038.0
006 m fo d
007 cr bn nnnauuuu
008 170514s1850 dcu o 000 0 eng d
035 |a ccn00799189 
040 |a NjRocCCS  |b eng  |e rda  |c NjRocCCS 
043 |a n-us--- 
050 4 |a E423  |b .C54 1850 
100 1 |a Clemens, Jeremiah,  |d 1814-1865,  |e author. 
245 1 0 |a Remarks of Messrs. Clemens, Butler, and Jefferson Davis, on the Vermont resolutions relating to slavery /  |c delivered in Senate of the United States, January 10, 1850. 
264 1 |a Washington :  |b Printed at the Congressional Globe Office,  |c 1850. 
264 2 |a [Getzville, New York] :  |b William S. Hein and Company,  |c [2017] 
300 |a 1 online resource (15 pages). 
336 |a text  |b txt  |2 rdacontent 
337 |a computer  |b c  |2 rdamedia 
338 |a online resource  |b cr  |2 rdacarrier 
490 1 |a HeinOnline slavery in America and the world: history, culture & law 
588 |a Description based on PDF title page, viewed May 14, 2017. 
500 |a Printed in double columns. 
650 0 |a Slavery  |z United States  |v Speeches in Congress. 
655 7 |a Electronic books.  |2 local 
700 1 |a Butler, A. P.  |q (Andrew Pickens),  |d 1796-1857,  |e author. 
700 1 |a Davis, Jefferson,  |d 1808-1889,  |e author. 
776 0 8 |c Original  |w (DLC) 11015931 
830 0 |a Slavery in America and the world: history, culture & law. 
856 4 0 |u http://proxy.library.tamu.edu/login?url=https://www.heinonline.org/HOL/Page?handle=hein.slavery/remcbjd0001&id=1&size=2&collection=slavery&index=slavery  |z Connect to the full text of this electronic book  |t 0 
949 |a E 423 .C54 1850  |w LC  |c 1  |i 799189-1001  |d 5/14/2017  |l MAIN  |m HEN  |q 1  |r Y  |s Y  |t WEB  |u 5/14/2017  |x ENG  |z N-US 
999 f f |s 36d4f441-b033-3b0e-8a8f-ca8cc0da2250  |i 7ff36b27-7fbd-3f52-b95f-3ee442c21da9  |t 0 
952 f f |a Texas A&M University  |b College Station  |c Electronic Resources  |d Available Online  |t 0  |e E423 .C54 1850  |h Library of Congress classification 
998 f f |a E423 .C54 1850  |t 0  |l Available Online